Statistics for Largest Countries Containing 'R'

Click here to take the quiz!

General Stats

  • This quiz has been taken 411 times
  • The average score is 15 of 20

Answer Stats

kmCountrymi% Correct
17,098,242Russia6,601,668
99%
8,515,767Brazil3,287,956
95%
2,780,400Argentina1,073,500
91%
7,692,024Australia2,969,907
88%
2,344,858D.R. Congo905,355
84%
2,381,741Algeria919,595
82%
640,679France247,368
81%
1,221,037South Africa471,445
80%
1,648,195Iran636,372
78%
1,267,000Niger489,000
78%
603,500Ukraine233,000
78%
923,768Nigeria356,669
77%
2,149,690Saudi Arabia830,000
77%
1,285,216Peru496,225
74%
783,562Turkey302,535
73%
488,100Turkmenistan188,500
66%
1,030,700Mauritania398,000
63%
622,984C.A.R.240,535
62%
676,578Burma261,228
58%
587,041Madagascar226,658
58%

Score Distribution

Percentile by Number Answered

Percent of People with Each Score

Your Score History

You have not taken this quiz